| 000 | 00535nam a2200193Ia 4500 | ||
|---|---|---|---|
| 005 | 20250923145710.0 | ||
| 008 | 008 250917s9999 xx 000 0 eng d | ||
| 037 | _aTextual | ||
| 040 |
_aDSWL _beng _cDSWL |
||
| 041 |
_aeng _2eng |
||
| 084 |
_aY.41, N78 _qDSWL |
||
| 245 | 0 |
_aStudies in Chinese society _c Ed.by A.P.Wolf |
|
| 260 |
_aCalifornia _bStanford University Press _c1978 |
||
| 300 | _axii,372 p. | ||
| 365 |
_aINR _b80.07 |
||
| 925 | _g80.07 | ||
| 942 |
_cTEXL _hY.41, N78 |
||
| 999 |
_c1454508 _d1454508 |
||